| 000 | 01503nam0a2200361 4500 | ||
|---|---|---|---|
| 001 | RU\NLR\ONL2\23357 | ||
| 005 | 20260406072852.0 | ||
| 010 |
_a978-5-295-05353-5 _91500 |
||
| 035 | _a(NLR Aleph) 010210315 | ||
| 090 |
_a10271719 _c10271719 |
||
| 100 | _a20120523d2011 |||y0rusy50 ca | ||
| 101 | 1 |
_abak _ctat |
|
| 102 | _aRU | ||
| 105 | _ac ||||||||| | ||
| 200 | 1 |
_aАk kанаттар _eшигырзар hэм поэмалар _fЭхсэн Баян _g[башkортсага тэрж. А. Игебаев] |
|
| 210 |
_aӨфө _cКитап _d2011 |
||
| 215 |
_a277,[1] б. _cпортр. _d17 |
||
| 225 | 1 | _aКэрзэшлек кэштэhе | |
| 300 | _aПеред. вып. дан. авт.: Баянов Ахсан Фатхулбаянович (Ахсан Баян). | ||
| 541 | 1 |
_6z01790 _aБелые крылья _eстихотворения и поэмы. _zrus |
|
| 686 | 1 | _aШ6(2=Баш)7-91Татар-5 | |
| 700 | 1 |
_4070 _8tat _7ca _aБаян _bЭ. _f1927- _gЭхсэн _3RU\NLR\auth-onl\77624 _9130680 |
|
| 702 | 1 |
_4730 _7ca _8bak _aИгебаев _bА.Х. улы _f1930- _gАбдулхаҡ Хажмөхәмәт улы _9130350 _3RU\NLR\auth-onl\77291 |
|
| 790 | 1 |
_4070 _8rus _7ca _aБаян _bА. _f1927- _gАхсан _3RU\NLR\auth-onl\77625 _9130681 |
|
| 801 | 0 |
_aRU _bNLR _c20120523 _gPSBO |
|
| 852 |
_aNLR _jБашк./2-4847 _p15087 |
||
| 852 |
_aNLR _jБашк./2-4847 _m15142 |
||
| 852 |
_aNLR _bОНЛ |
||
| 942 | _cBOOK | ||
| 980 | _aNB | ||
| 980 | _aONL_RF | ||